| 000 | 00687cam a2200205 i 4500 | ||
|---|---|---|---|
| 005 | 20251210102103.0 | ||
| 008 | 250721s2011 jo gr 000 0 ara d | ||
| 082 | 1 | 4 |
_a216.23 _bه و د |
| 100 | 1 | 2 |
_aالهودلي، سعيد مفلح _eمؤلف. |
| 245 | 1 | 0 |
_aروح صوم رمضان / _cتأليف المهندس سعيد مفلح الهودلي. |
| 250 | _aالطبعه الاوبى. | ||
| 264 | 3 | 1 |
_aعمان : _bدار المأمون للنشر و التوزيع، _c2011. |
| 300 | _a104صفحه. | ||
| 650 | 1 | 7 | _aالفقه الاسلاميز . |
| 650 | 1 | 7 | _aالعبادات. |
| 650 | 1 | 7 | _aرمضان |
| 650 | 1 | 7 | _aالصوم. |
| 942 |
_2ddc _cBK |
||
| 999 |
_c47 _d47 |
||